000 00333nam a2200133Ia 4500
008 150201s2014 xx 000 0 und d
082 _a617.645
_bI2014C
100 _aCHOCKALINGAM ,PR
245 _aILLUSTRATED PEDIATRIC DENTISTRY
250 _a1ST
260 _bWOLTER KLUWER PUBLICATION
650 _aPEDODONTICS
942 _2ddc
_cBK
999 _c4894
_d4894